| 000 | 00349pam a2200133a 44500 | ||
|---|---|---|---|
| 008 | 230405s2010 xxu||||| |||| 00| 0 eng d | ||
| 041 | _aENG | ||
| 100 | _aDR A V YADAV / B V YADAV/ SHAIKH J I | ||
| 245 | _aHAND BOOK OF CLINICAL PHARMACY | ||
| 250 | _a6 | ||
| 260 |
_aNEW YORK _bJOHN WILLY & SONS NEW YORK _c2010 |
||
| 300 | _a17.4 | ||
| 906 | _a4265 | ||
| 999 |
_c279536 _d279536 |
||